MARC details
| 000 -CABECERA |
| campo de control de longitud fija |
00782nam a2200229 a 4500 |
| 005 - FECHA Y HORA DE LA ÚLTIMA TRANSACCIÓN |
| campo de control |
20241207063742.0 |
| 008 - ELEMENTOS DE LONGITUD FIJA--INFORMACIÓN GENERAL |
| campo de control de longitud fija |
011011s1996 es r 000 0 spa d |
| 020 ## - NÚMERO INTERNACIONAL NORMALIZADO PARA LIBROS |
| Número Internacional Estándar del Libro |
8470437062 |
| 035 ## - NÚMERO DE CONTROL DEL SISTEMA |
| Número de control de sistema |
UPN01000112898 |
| 049 ## - COLECCIÓN |
| Colección |
CG |
| 050 #4 - SIGNATURA TOPOGRÁFICA DE LA BIBLIOTECA DEL CONGRESO |
| Número de clasificación |
HM134 |
| Número de documento/Ítem |
P6.4 no.4.3 1996 |
| 100 1# - ASIENTO PRINCIPAL--NOMBRE PERSONAL |
| Nombre de persona |
Vega García, Francisco J. |
| 245 10 - MENCIÓN DE TÍTULO |
| Título |
Programar, acompañar, evaluar / |
| Mención de responsabilidad, etc. |
Francisco J. Vega ; Víctor J. Ventosa. |
| 250 ## - MENCIÓN DE EDICIÓN |
| Mención de edición |
2a ed. |
| 260 ## - PUBLICACIÓN, DISTRIBUCIÓN, ETC. |
| Lugar de publicación, distribución, etc. |
Madrid : |
| Nombre del editor, distribuidor, etc. |
CCS, |
| Fecha de publicación, distribución, etc. |
1996. |
| 300 ## - DESCRIPCIÓN FÍSICA |
| Extensión |
190 p. : |
| Material acompañante/anejo |
il. |
| 440 #0 - MENCIÓN DE SERIE/ASIENTO SECUNDARIO--TÍTULO |
| Título |
Plan de formación de animadores. |
| Nombre de parte o sección de la obra |
Bloque 4. |
| -- |
El saber hacer del animador. |
| -- |
Educación social ; |
| Designación de volumen o secuencia |
4.3 |
| 650 #2 - ASIENTO SECUNDARIO DE MATERIA - TERMINO TEMATICO |
| Término de materia o nombre geográfico como elemento de entrada |
Animación sociocultural |
| 9 (RLIN) |
1050 |
| 650 #4 - ASIENTO SECUNDARIO DE MATERIA - TERMINO TEMATICO |
| Término de materia o nombre geográfico como elemento de entrada |
GRUPOS SOCIALES - |
| Subdivisión general |
TRABAJO |
| 9 (RLIN) |
16589 |
| 700 1# - ASIENTO SECUNDARIO--NOMBRE DE PERSONAL |
| Nombre de persona |
Ventosa Pérez, Víctor Juan, |
| Fechas asociadas al nombre |
1957- |
| Término indicativo de función/relación |
coaut. |
| 9 (RLIN) |
29622 |
| 905 ## - TIPO DE MATERIAL |
| Tipo de material |
Libro |